LEADER 00980nas 2200373 c 450 001 996212876003316 005 20211213103656.0 035 $a(CKB)1000000000281212 035 $a(DE-599)ZDB2265157-3 035 $a(OCoLC)589582929 035 $a(DE-101)982595484 035 $a(EXLCZ)991000000000281212 100 $a20070109a20069999 sy | 101 0 $aspa 135 $aur|||nnn||||| 181 $ctxt$2rdacontent 182 $cc$2rdamedia 183 $acr$2rdacarrier 200 00$aAdarve$erevista de cri?tica y creacio?n poe?tica 210 31$aLogron?o$cUniv de la Rioja$d2006- 215 $aOnline-Ressource 311 $a1885-9720 517 $aAdarve: revista de crítica y creación poética 608 $aZeitschrift$2gnd-content 676 $a840 676 $a850 676 $a860 801 0$b8999 801 1$bDE-101 801 2$b9001 906 $aJOURNAL 912 $a996212876003316 996 $aAdarve$92119337 997 $aUNISA LEADER 01856nam0 22003973i 450 001 VAN00293483 005 20250527082159.349 017 70$2N$a9783030890100 100 $a20250527d2022 |0itac50 ba 101 $aeng 102 $aCH 105 $a|||| ||||| 181 $ai$b e 182 $ab 183 $acr 200 1 $aMultivariate Statistical Machine Learning Methods for Genomic Prediction$fOsval Antonio Montesinos López, Abelardo Montesinos López, José Crossa 210 $aCham$cSpringer$d2022 215 $aXXIV, 691 p.$cill.$d24 cm 620 $aCH$dCham$3VANL001889 676 $a591.35$cGenetica animale$v22 676 $a631.5$cGenetica agraria$v22 700 1$aMontesinos López$bOsval A.$3VANV249351$01820790 701 1$aCrossa$bJosé$3VANV249356$01078560 701 1$aMontesinos López$bAbelardo$3VANV249355$01078559 712 $aSpringer $3VANV108073$4650 790 1$aMontesinos López, Osval Antonio$zMontesinos López, Osval A.$3VANV249352 790 1$aMontesinos López, O. A.$zMontesinos López, Osval A.$3VANV249353 790 1$aMontesinos López, O.A.$zMontesinos López, Osval A.$3VANV249354 801 $aIT$bSOL$c20250530$gRICA 856 4 $uhttps://link.springer.com/book/10.1007/978-3-030-89010-0$zE-book - Accesso al full-text attraverso riconoscimento IP di Ateneo, proxy e/o Shibboleth 899 $aBIBLIOTECA DEL DIPARTIMENTO DI SCIENZE E TECNOLOGIE AMBIENTALI BIOLOGICHE E FARMACEUTICHE$1IT-CE0101$2VAN17 912 $fN 912 $aVAN00293483 950 $aBIBLIOTECA DEL DIPARTIMENTO DI SCIENZE E TECNOLOGIE AMBIENTALI BIOLOGICHE E FARMACEUTICHE$d17CONS e-book 2396 $e17BIB2396/58 58 20250527 996 $aMultivariate Statistical Machine Learning Methods for Genomic Prediction$94383281 997 $aUNICAMPANIA